Common communicable and tropical diseases (Record no. 17511)

MARC details
000 -LEADER
fixed length control field 00546nam a22001697a 4500
008 - FIXED-LENGTH DATA ELEMENTS--GENERAL INFORMATION
fixed length control field 190301b xxu||||| |||| 00| 0 eng d
020 ## - INTERNATIONAL STANDARD BOOK NUMBER
International Standard Book Number 9966714200
040 ## - CATALOGING SOURCE
Original cataloging agency KABU
Transcribing agency KABU
050 ## - LIBRARY OF CONGRESS CALL NUMBER
Classification number R651
Item number .K37 2007 c. 1
100 ## - MAIN ENTRY--PERSONAL NAME
Personal name Karani, Anna K.
245 ## - TITLE STATEMENT
Title Common communicable and tropical diseases
Remainder of title a handbook for nurses
Statement of responsibility, etc. Anna K. Karani
260 ## - PUBLICATION, DISTRIBUTION, ETC. (IMPRINT)
Place of publication, distribution, etc. Nairobi, Kenya
Name of publisher, distributor, etc. Media congress
Date of publication, distribution, etc. 2007
300 ## - PHYSICAL DESCRIPTION
Extent (iii), 167 p.
650 ## - SUBJECT ADDED ENTRY--TOPICAL TERM
Topical term or geographic name as entry element Tropical medicine
Form subdivision Methods
Geographic subdivision Africa
650 ## - SUBJECT ADDED ENTRY--TOPICAL TERM
Topical term or geographic name as entry element Public health practice
Geographic subdivision Africa
942 ## - ADDED ENTRY ELEMENTS (KOHA)
Source of classification or shelving scheme Library of Congress Classification
Koha item type General Collection
Classification part R651
Holdings
Withdrawn status Lost status Source of classification or shelving scheme Not for loan Home library Current library Date acquired Cost, normal purchase price Total Checkouts Full call number Barcode Date last seen Copy number Price effective from Koha item type
    Library of Congress Classification   Kabarak, Main Campus Kabarak, Main Campus 01/03/2019 405.00   R651 .K37 2007 c. 1 024539 01/03/2019 c. 1 01/03/2019 General Collection
Designed with assistance from East African Informatics Ltd